| 000 | 01029nam a2200289 a 4500 | ||
|---|---|---|---|
| 001 | BRL_1142 | ||
| 005 | 20190320211043.0 | ||
| 008 | 151113s1992----u--o######---#000-0#eng-# | ||
| 020 | _a0811801659 | ||
| 041 | _aeng | ||
| 044 | _au | ||
| 050 | 4 |
_aE98.W8 _b.D36 1992 |
|
| 245 | 1 | 0 |
_aDancing colors _bpaths of Native American women _cintroduction by C.J. Brafford and captions by Laine Thom ; designed and produced by McQuiston & Partners. |
| 260 |
_aSan Francisco _bChronicle Books _c1992 |
||
| 300 |
_a120 p. _bil. (algunas a color) _c25 cm. |
||
| 500 | _aAu1320 | ||
| 500 | _aIncluye índice de ilustraciones | ||
| 504 | _aBibliografía: p. 120 | ||
| 650 | 1 | 4 |
_aMujeres indigenas _zAmérica del Norte _925914 |
| 650 | 1 | 4 |
_aIndígenas de América del Norte _xFolklore _925915 |
| 650 | 1 | 4 |
_aIndígenas de América del Norte _xCultura material _925916 |
| 650 | 1 | 4 |
_aIndígenas de América del Norte _xIndumetaria _925917 |
| 700 | 1 |
_aBrafford, C. J. _925918 |
|
| 700 | 1 |
_aThom, Laine _925919 |
|
| 902 | _aGRL | ||
| 942 |
_2lcc _cB |
||
| 999 |
_c9954 _d9954 |
||